000 00643cam a2200145 4500500
005 20260208005742.0
041 _afre
042 _adc
100 1 0 _aPety, Dominique
_eauthor
245 0 0 _aPHILIPPE ANDRÈS, La Fantaisie dans la littérature française du XIXe siècle. Paris, L’Harmattan, coll. « Critiques littéraires », 2000. Un vol. 14 × 22 de 224 p.
260 _c2003.
500 _a27
786 0 _nRevue d'histoire littéraire de la France | 103 | 3 | 2003-08-01 | p. 707zd-754zd | 0035-2411
856 4 1 _uhttps://shs.cairn.info/revue-d-histoire-litteraire-de-la-france-2003-3-page-707zd?lang=fr&redirect-ssocas=7080
999 _c1653581
_d1653581